| 000 | 00732nam a22001815i 4500 | ||
|---|---|---|---|
| 001 | 172712 | ||
| 003 | ES-MaACL | ||
| 005 | 20240229062730.0 | ||
| 008 | 090902s1812 sp |||| | spa d | ||
| 080 | _a94(460)"1808/14" | ||
| 245 | 0 | 0 |
_aPérdidas de los franceses en España _b: breve descripcion de los mas prinicipales sucesos de la Guerra en la Península hasta fin de Agosto de 1811 / _ctraducida del frances al castellano por D. J. M. A. C. D. P. D. O. D. L. J. S. D. A. |
| 260 |
_a[S.l. : _bs.n.], _c1812. |
||
| 300 |
_a94 p. ; _c15 cm. |
||
| 500 | _aEjemplar fotocopiado. | ||
| 651 | 4 |
_aEspaña- _xHistoria- _y1808-1814, Guerra de la Independencia _98244 |
|
| 852 |
_aES-MaACL _jG-9066 _9R.145135 |
||
| 999 |
_c172712 _d172712 |
||